| 000 | 00799nam a22001937a 4500 | ||
|---|---|---|---|
| 003 | OSt | ||
| 005 | 20140310183000.0 | ||
| 008 | 130208t xxu||||| |||| 00| 0 eng d | ||
| 020 | _a9789715064996 | ||
| 050 |
_aHD 30.65 _b.C112 2008 |
||
| 100 | _aCabanda, Emilyn C. | ||
| 245 |
_aPerformance management : _c editor Emilyn C. Cabanda ; associate editors, Ma. Socorro P. Calara, Mary Caroline N. Castano, Ramon C. Posadas editor Emilyn C. Cabanda ; associate editors, Ma. Socorro P. Calara, Mary Caroline N. Castano, Ramon C. Posadas _bapplications of data envelopment analysis in the Philippine setting / |
||
| 260 |
_aManila ; _bUniversity of Santo Tomas Pub. House, _c2008. |
||
| 300 |
_a468 p. : _c 23 cm. _bill. ; |
||
| 521 | _aBSA | ||
| 562 | _e1 | ||
| 942 |
_2lcc _cBK _kLOC |
||
| 999 |
_c18099 _d18099 |
||